[Event "ISR-chT"]
[Site "Israel"]
[Date "2004.04.16"]
[Round "8"]
[White "Avrukh, Boris"]
[Black "Lev, Ronen"]
[Result "1-0"]
[WhiteElo "2620"]
[BlackElo "2460"]
[Annotator "Avrukh,B"]
[PlyCount "77"]
[EventDate "2004.01.03"]
[EventType "team"]
[EventRounds "11"]
[EventCountry "ISR"]
[SourceTitle "CBM 101"]
[Source "ChessBase"]
[SourceDate "2004.07.27"]
[SourceVersion "1"]
[SourceVersionDate "2004.07.27"]
[SourceQuality "1"]

1. d4 d5 2. Nf3 c5 3. c4 dxc4 4. e3 cxd4 5. Bxc4 Qc7 6. Qb3 (6. Bb3 $5 {
would be a very interesting alternative}) 6... e6 7. exd4 {Finally we have
reached the position with isolated pawn, which we can see very often in Queens
Gambit Accepted.} Nf6 8. O-O (8. Nc3 a6 9. O-O Nc6 10. Bd3 Be7 (10... Nb4 $5)
11. Be3 Nb4 12. Rac1 $1 Qd6 (12... Nxd3 $2 13. Nb5 $1 $16) 13. Bb5+ (13. Ne4)
13... axb5 14. Nxb5 Qb8 15. Nc7+ Kd8 $2 ({The critical reply is} 15... Kf8 {
then White should continue} 16. Bf4 {[%csl Gb8] with very complicated battle.})
16. Ne5 Rf8 17. Nxa8 Qxa8 18. Rc4 Nfd5 19. a3 b5 (19... Nc6 20. Ra4 $1 Na7 21.
Rc1 $16) 20. Rxc8+ Qxc8 21. Rc1 Qb7 22. axb4 $18 {1-0 Lputian,S-Lukin,A/Telavi
1982/MCD (27)}) 8... Be7 (8... Nc6 9. Nc3 a6 {[%cal Gc6a5]} 10. Bd3 {anywhere
transposes to the game position.}) 9. Nc3 a6 ({Maybe Black should try not
waste tempo on a6 move .} 9... Nc6) 10. Be3 ({Alternatively,} 10. Bg5 {also
deserves serious attention.}) 10... O-O (10... Nc6 {[%cal Gc6a5]} 11. Bd3 Nb4
12. Rac1 $1 {see the forementioned game Lputian-Lukin}) 11. Rac1 Nc6 12. Bd3
Qd6 $146 {This is a new move. Black temporary prevents d4-d5 breakthrough in
the centre, but anyway due to development advantage and a very comfortable
set-up White keeps much better play.} (12... Bd7 13. Bb1 ({Probably} 13. d5 $5
{can be an improvement} exd5 14. Nxd5 Nxd5 15. Qxd5 Bf6 (15... Be6 16. Qe4 g6
17. Nd4 $16 {[%csl Gc6,Ge6]}) 16. Ng5 Bxg5 17. Qxg5 $14) 13... Qd6 14. Rfd1 Nb4
15. d5 Rac8 (15... Nbxd5 $140 $2 16. Nxd5 exd5 17. Bc5 Qxc5 18. Rxc5 Bxc5 19.
Bxh7+ $3 $16 Kxh7 (19... Nxh7 20. Qxd5 {[%csl Gc5,Gd7]}) 20. Qc2+ {[%csl Gh7]
[%cal Gc2c5]}) (15... Qb8 $5) 16. dxe6 Qxe6 17. Qxe6 Bxe6 18. Ng5 Bg4 19. f3
Bh5 20. a3 Nc6 21. Nd5 Nxd5 22. Bxh7+ Kh8 23. Rxd5 Bxf3 24. Nxf3 Kxh7 25. Rd7
$14 {1/2-1/2 Vaganian,R-Lukin,A/Telavi 1982/MCD (46)}) 13. Rfd1 Rd8 14. a3 {
[%csl Gb4]} ({During the game I rejected the logical} 14. Ne4 {due to} Qd5 (
14... Qb4 15. Qc2 Nd5) 15. Nxf6+ Bxf6 16. Qb6 Qxa2 {and indeed after} (16...
Bd7 $2 17. Rc5 Qd6 (17... Qxa2 18. Bc4 Qa4 19. Bb3 Qb4 20. Rxc6 {wins}) 18. d5
$1 exd5 19. Rxd5 $16 {[%cal Gb6b7]}) 17. Ng5 h6 (17... Bxg5 $140 18. Bxg5 Re8
19. Rxc6 $1 bxc6 20. Qxc6 $18 {[%csl Ga8,Ge8]}) 18. Ne4 Bxd4 (18... Be7 19.
Rxc6 $3 bxc6 20. Nc3 {[%csl Ga2]}) 19. Bxd4 Rxd4 {white cannot play} 20. Nc3 $2
Qa5 21. Qxa5 Nxa5 22. Bh7+ Kxh7 23. Rxd4 Nb3 $19) 14... Bd7 15. Ne4 Nxe4 (15...
Qd5 16. Nxf6+ (16. Qc2 Qh5 17. Nc5 $14) 16... Bxf6 17. Qb6 Be8 18. Rc5 Qd7 19.
Be4 {and White keeps a clear edge.}) 16. Bxe4 Na5 $2 (16... f5 $140 $2 17. Bxf5
Na5 18. Qa2 $18) (16... Rac8 $142 17. Qb6 (17. Qxb7 Na5 18. Qa7 Nc4 $44 {
[%csl Ga7]}) 17... Qb8 18. d5 exd5 19. Bxd5 {White is undoubfullly better, but
Black stiil keep defensive recources.}) 17. Qc3 Nc6 (17... f5 $2 18. Bxf5 exf5
19. Qxa5 $16) 18. d5 $1 exd5 19. Bxd5 (19. Rxd5 $143 Qc7 $1 (19... Qf6 20. Bb6
Qxc3 21. Rxc3 Be6 22. Rxd8+ Bxd8 23. Bxc6 bxc6 24. Rxc6 $16) 20. Ne5 Be8) 19...
Be6 20. Bb3 $1 $16 {The point of White's 19th move .} Qc7 21. Bxe6 fxe6 22. Qb3
$6 (22. Nd4 $2 {[%csl Gc6,Ge6]} Bf6 23. Nxe6 Rxd1+ 24. Rxd1 Qf7 25. Qb3 Re8 26.
Nc5 Qxb3 27. Nxb3 Bxb2 $11) (22. Qc4 $142 Kf7 23. Nd4 {was much stronger.})
22... Kf7 23. Bb6 (23. Re1 {[%csl Ge6]} Rd5 $8) 23... Rxd1+ 24. Rxd1 Qf4 25.
Be3 Qc7 26. Rc1 Bf6 (26... Rd8 $142 $1 27. Nd2 $140 (27. Bb6 Qf4) 27... Rd5 28.
Ne4 Qe5 $132) 27. h3 (27. Nd2 $5) 27... Rc8 (27... Rd8 28. Bb6 Qf4 29. Rxc6 (
29. Rc4 Rd1+ 30. Qxd1 Qxc4 31. Qd7+ Ne7 32. Qxb7 $16) 29... bxc6 30. Bxd8 Bxd8
31. Qb7+ Be7 32. Qxc6 $16) 28. Nd2 $1 {[%cal Gd2e4] Finally I managed to find
the right plan. White knight transfers to e4-square where he will secure
white's advantage.} Qb8 29. Ne4 Be7 30. Re1 Na5 $2 $138 (30... Rd8 $142) 31.
Qd1 $1 {[%csl Rf7][%cal Gd1h5]} Nc4 (31... Qc7 32. Qh5+ Kg8 33. Qg4 {[%csl Ge6]
} Qc6 34. Rc1 Qd7 35. Rd1 Qc6 36. Bh6 g6 37. Nd6 $18 {[%csl Ge6]}) 32. Bg5 {
Very unpleasant move in time trouble.} ({Telling the truth} 32. Qd7 {[%cal
Ge4g5] wasn't worse at all.}) 32... Bf8 (32... Qc7 33. Bxe7 Qxe7 34. b3 $1 {
[%cal Ge4d6]} Rd8 35. Qh5+ {winning on the spot.}) 33. Qd7+ Kg8 34. Qxe6+ Kh8
35. Bf4 ({In mutual time-trouble I've missed the lovely} 35. Nf6 $1 gxf6 (35...
Bd6 36. Qf5 g6 37. Qd7 Qc7 38. Re8+) 36. Bxf6+ Bg7 37. Qf7 Bxf6 38. Qxf6+ Kg8
39. Re7 $18) 35... Re8 $1 36. Qxc4 (36. Qf7 Qc8) 36... Qxf4 37. g3 Qe5 38. Kg2
h6 $2 $138 {Allowing a nice finish.} (38... Rd8 $142 $18) 39. Nf6 $1 (39. Nf6
Qxe1 40. Qg8#) 1-0

[Event "Ubeda"]
[Site "Ubeda"]
[Date "1997.02.15"]
[Round "6"]
[White "Beliavsky, Alexander G"]
[Black "Kortschnoj, Viktor Lvovich"]
[Result "1/2-1/2"]
[WhiteElo "2665"]
[BlackElo "2635"]
[Annotator "Beliavsky,A"]
[PlyCount "41"]
[EventDate "1997.02.07"]
[EventType "tourn"]
[EventRounds "11"]
[EventCountry "ESP"]
[EventCategory "16"]
[SourceTitle "CBM 058"]
[Source "ChessBase"]
[SourceDate "1997.06.01"]
[SourceVersion "1"]
[SourceVersionDate "1997.06.01"]
[SourceQuality "1"]

1. Nf3 {Huzman} d5 2. d4 e6 3. c4 dxc4 4. e4 b5 5. a4 c6 6. b3 Nf6 (6... Bb7) (
6... cxb3 7. axb5 Nf6) (6... Bb4+ {Huzman} 7. Bd2 Bxd2+ 8. Qxd2 Nf6 (8... cxb3
$5 9. axb5 Nf6 10. Nc3 O-O 11. Bd3 cxb5 12. e5 Nd5 13. Nxb5 a5 14. O-O a4 $13 {
0-1 Mainka,G-Loeffler,S/BL 1994 (35)}) 9. e5 Ne4 (9... Nd5 10. bxc4 bxc4 11.
Bxc4 a5 12. O-O Ba6 13. Rc1 Bxc4 14. Rxc4 $14 {1-0 Davies Nigel R-Hartman
Christer/It (open), Osterskars (Sweden) 1995 (27)}) 10. Qc2 (10. Qe3 Qa5+ 11.
Nfd2 Nxd2 12. Qxd2 (12. Nxd2 cxb3 13. Qe4 $13) 12... Qxd2+ 13. Nxd2 $2 (13.
Kxd2 cxb3 14. axb5 Bb7 15. Nc3 $10 (15. Nc3 Ke7 $13)) 13... c3 14. Ne4 b4 15.
a5 (15. Nd6+ Ke7 $13) 15... Ba6 16. Ra4 (16. Nc5 Bb5 $1 {/\ ..Nd7} 17. Bxb5
$140 cxb5 {xa4}) 16... Bxf1 17. Rxf1 Na6 18. Ke2 Ke7 19. Nc5 Nxc5 20. dxc5 Rab8
21. Rd1 Rb5 22. Rd4 Rd8 $1 $19 {0-1 Arkell,K-Kumaran,D/BCF-ch 1993 (32)}) 10...
Qa5+ 11. Kd1 f5 12. exf6 Nxf6 13. bxc4 bxc4 14. Nbd2 O-O 15. Nxc4 Qd5 16. Bd3
Na6 17. Rb1 c5 18. Nce5 Nb4 19. Rxb4 cxb4 20. Ng5 Qxd4 $17 {Wirthensohn-Muller,
Hamburg 1991}) 7. e5 (7. bxc4 {Huzman} bxc4 (7... Nxe4 8. cxb5) 8. e5 Ne4 9.
Bxc4 Bb4+ $11 {-see game}) 7... Ne4 8. bxc4 (8. Qc2 Bb4+ 9. Kd1 f5 10. exf6
Nxf6 11. bxc4 O-O $44) 8... Bb4+ 9. Nbd2 bxc4 (9... bxa4 10. Qxa4 a5 11. Bd3
Nc3 12. Qc2 $16) (9... Bc3 $2 {Huzman} 10. Rb1 (10. Qc2 $5 Bxa1 11. Nxe4 Qa5+
12. Bd2 Qxa4 13. Nd6+ Kd7 14. Qe4 $44) 10... b4 11. Qc2 $16) 10. Bxc4 Ba6 (
10... O-O 11. O-O Nxd2 12. Bxd2 Bxd2 13. Qxd2 Ba6 14. Rfc1 $16) 11. Bxa6 $5 (
11. O-O Nxd2 12. Bxd2 Bxc4 13. Bxb4 Bxf1 14. Qxf1 $36) (11. Qc2 {Huzman} Nxd2 (
11... Bxc4 12. Qxc4 c5 13. dxc5 (13. O-O Nxd2 14. Bxd2 Bxd2 15. Nxd2 Qxd4 16.
Qb5+ Nd7)) 12. Bxd2 Bxd2+ 13. Kxd2 Qa5+ 14. Ke3 $5 (14. Qc3 Qxc3+ 15. Kxc3 Bxc4
16. Kxc4 Nd7 17. Rhb1 (17. a5 Rb8 18. Rhb1 Ke7 $11)) 14... Nd7 15. Rhc1) 11...
Nxa6 12. O-O (12. Qe2 {Huzman} Nxd2 13. Bxd2 Bxd2+ (13... Qa5 14. O-O O-O 15.
Rfc1 Rac8 16. Bxb4 Nxb4 17. Rc5 $14) 14. Qxd2 Rb8 $11) (12. Qc2 {Huzman} Qd5
13. O-O Nxd2 14. Bxd2 Bxd2 $11) 12... Nxd2 13. Bxd2 O-O (13... Bxd2 14. Qxd2
O-O 15. Rfc1 Rc8 16. Rc4 $14) 14. Rc1 (14. Bg5 $5) (14. Be3 $5) 14... Qd5 15.
Bxb4 (15. Be3 $14) 15... Nxb4 16. Rc5 Qe4 17. Qd2 (17. Qb1 $5 {Huzman} Qxb1 18.
Rxb1 a5 (18... Rab8 19. Kf1 $14) 19. Kf1 Rfd8 20. Ke2 Kf8 $14 {/=}) 17... a5
18. Qe3 (18. Re1 Qd3 $13) 18... Qf5 19. Rd1 (19. Nd2 Nd5 (19... Rfd8 {Huzman}
20. Nb3 Rab8 $1 {[%csl Rb3] and because of unprotected position of Nb3 black
have good counterplay} (20... Rd5)) 20. Qf3 Qxf3 21. Nxf3 Nb4 $11) 19... Rfd8
20. h3 h6 21. Ne1 1/2-1/2

[Event "BCF-ch"]
[Site "Dundee"]
[Date "1993.??.??"]
[Round "11"]
[White "Arkell, Keith C"]
[Black "Kumaran, Dharshan"]
[Result "0-1"]
[WhiteElo "2460"]
[BlackElo "2425"]
[Annotator "Bulletin"]
[PlyCount "65"]
[EventDate "1993.08.??"]
[EventType "swiss"]
[EventRounds "11"]
[EventCountry "SCO"]
[SourceTitle "CBM 038"]
[Source "ChessBase"]
[SourceDate "1994.02.01"]
[SourceVersion "1"]
[SourceVersionDate "1994.02.01"]
[SourceQuality "1"]

1. d4 d5 2. Nf3 e6 3. c4 dxc4 4. e4 b5 5. a4 c6 6. b3 Bb4+ 7. Bd2 Bxd2+ 8. Qxd2
Nf6 9. e5 Ne4 10. Qe3 Qa5+ 11. Nfd2 Nxd2 12. Qxd2 (12. Nxd2 cxb3 13. Qe4 $13)
12... Qxd2+ 13. Nxd2 $2 (13. Kxd2 cxb3 14. axb5 Bb7 15. Nc3 Ke7 $13) (13. Kxd2
$1) 13... c3 14. Ne4 b4 15. a5 (15. Nd6+ Ke7 $13) 15... Ba6 16. Ra4 (16. Nc5
Bb5 $1 {/\ ..Nd7} 17. Bxb5 $140 cxb5 {xa4}) 16... Bxf1 17. Rxf1 Na6 18. Ke2 Ke7
19. Nc5 Nxc5 20. dxc5 Rab8 21. Rd1 Rb5 22. Rd4 Rd8 $1 23. Rxd8 (23. Raxb4 c2
24. Kd2 Rxb4 $19) (23. Rdxb4 Rd2+ 24. Ke3 Rxc5 25. Rc4 Rxe5+ 26. Kf4 Rf5+ $19)
23... Kxd8 24. Kd1 a6 25. f4 Ke7 26. g4 f6 27. h4 fxe5 28. fxe5 Kf7 29. h5 g6
30. Kc2 gxh5 31. gxh5 Kg7 32. Ra1 Rxc5 33. Rd1 0-1

[Event "RUS-Cup2"]
[Site "Moscow"]
[Date "1996.??.??"]
[Round "3"]
[White "Chekhov, Valery A"]
[Black "Zlochevskij, Alexander"]
[Result "1-0"]
[WhiteElo "2535"]
[BlackElo "2415"]
[Annotator "Chekhov,V"]
[PlyCount "103"]
[EventDate "1996.11.28"]
[EventType "swiss"]
[EventRounds "9"]
[EventCountry "RUS"]
[SourceTitle "CBM 056 Extra"]
[Source "ChessBase"]
[SourceDate "1997.03.01"]
[SourceVersion "1"]
[SourceVersionDate "1997.03.01"]
[SourceQuality "1"]

1. d4 d5 2. c4 dxc4 3. Nf3 c5 4. d5 e6 5. Nc3 exd5 6. Qxd5 Qxd5 7. Nxd5 Bd6 8.
Nd2 Nc6 $5 9. Nxc4 Bb8 10. e4 (10. Bf4 $5 Bxf4 11. Nxf4 Nf6 12. Rc1 Ke7 13. g3
b6 14. Bg2 Bb7 15. Ne3 Rhd8 16. g4 $1 $14 {Razuvaev,Y-Fedorov,V/Belgrade/1988/
1|0/33/}) (10. Be3 Be6 11. O-O-O Nge7 12. Nxe7 Nxe7 13. b3 b5 14. Na3 Nd5 15.
Bxc5 Nc3 16. Rd3 Be5 17. Bd4 Bxd4 18. Rxd4 Rd8 $44 {Bareev,E-Garcia Palermo,C/
Aosta/1989/1|0/49/}) (10. g3 $5 Nge7 11. Nxe7 Kxe7 12. Bg2 Nd4 13. Ne3 Re8 14.
b4 cxb4 15. Rb1 Bd6 16. Bb2 Nf5 17. Bxb7 Rb8 18. Bxc8 Nxe3 19. fxe3 Rexc8 20.
Bxg7 f6 21. O-O Be5 $146 {Khenkin,I-Lalic,B/Zaragoza/1995/0|1/37/}) 10... Nf6
11. Nxf6+ (11. Be3 $5 Nxd5 (11... Nxe4 12. f3 Nd6 13. Bxc5 Be6 14. O-O-O Nc8
15. g3 f6 16. f4 Kf7 17. Bg2 $16 {Epishin,V-Lalic,B/Manresa/1995/0,5/37/}) 12.
exd5 Nb4 13. O-O-O Nxa2+ 14. Kb1 Nb4 15. Bxc5 Bf5+ 16. Ka1 Nc2+ 17. Ka2 Kd7 18.
Na5 a6 19. Nc4 Bc7 20. d6 $36 {Sadler,M-Sermek,D/Cannes/1996/0,5/61/}) 11...
gxf6 12. Be3 $5 (12. Bh6 Be5 13. O-O-O Bd4 14. Nd6+ Ke7 15. Nxc8+ Raxc8 16. f3
a6 17. g3 b5 $132 {Aseev,K-Westerinen,H/Helsinki/1992/0|1/33/}) 12... b6 13.
Be2 Be5 (13... Nd4 14. Bxd4 cxd4 15. O-O-O Be5 16. g3 Bb7 17. f4 $16) 14. O-O-O
Ke7 (14... Bd4 15. Nd6+ Ke7 16. Nxc8+ Raxc8 17. Bxd4 Nxd4 18. Bc4 $14) 15. f4
Bd4 16. Bxd4 Nxd4 17. Bd3 Bb7 $1 18. Rhe1 Rhg8 19. Rd2 Rg4 (19... Rad8 $5) 20.
Rf2 (20. g3 $4 Nf3 $19) 20... Rd8 21. Ne3 Rgg8 22. Bc4 $1 Rge8 (22... Bxe4 $2
23. Nd5+ $18) 23. Bd5 Bc8 (23... Ba6 $5 24. b3 Kf8 $132) 24. f5 Kf8 25. Rd1 (
25. b3 Nxf5 $1 26. exf5 Rxd5 $17) 25... Bd7 26. b3 Bc6 27. Bxc6 Nxc6 28. Rxd8
Nxd8 $6 (28... Rxd8 $5 29. Nd5 Rd6 30. Kb2 $14) 29. Rf4 h5 30. Nd5 Kg7 31. Rh4
Nc6 (31... Nb7 32. Nf4 Rh8 33. Rxh5 Nd6 34. Rxh8 Kxh8 35. Nh5 Nxe4 36. Kc2 $16)
32. Nf4 Kf8 (32... Rh8 33. Rxh5 Re8 34. Rh4 $16) 33. Nxh5 Ke7 34. Nf4 (34. Nxf6
Kxf6 35. Rh6+ Kg5 (35... Kg7 $5 36. Rxc6 Rxe4 $44) 36. Rxc6 Rxe4 37. Rc7 $16)
34... Kd6 35. Nd5 Ke5 36. Kd2 Nb4 $1 (36... Nd4 37. Ne3 b5 38. Ng4+ Kd6 39.
Nxf6 $18) 37. Nxb4 cxb4 38. Rg4 Rd8+ 39. Ke3 Rd1 40. h4 Re1+ 41. Kd3 b5 (41...
Rd1+ 42. Kc4 Rd4+ 43. Kb5 $18) 42. h5 $1 Rh1 (42... Rd1+ 43. Ke3 Re1+ 44. Kf3
Rf1+ (44... Rh1 45. Rg7 Rxh5 46. Rxf7 $18) 45. Kg3 Rh1 46. Rh4 $18) 43. Rg7
Rxh5 44. Rxf7 Rg5 45. Re7+ (45. Rxa7 $2 Rg3+ $1 $44) 45... Kf4 (45... Kd6 46.
Rxa7 Rxg2 47. Ra6+ Ke7 48. Kd4 $18) 46. Rxa7 Rxg2 47. Ra6 Rg8 48. Kd4 $18 Rf8
49. Re6 Ra8 50. Rxf6 Rd8+ 51. Kc5 Kxe4 52. Kxb4 1-0

[Event "St Petersburg-Paris"]
[Site "Paris"]
[Date "1996.??.??"]
[Round "7"]
[White "Renet, Olivier"]
[Black "Lugovoi, Aleksei"]
[Result "0-1"]
[WhiteElo "2500"]
[BlackElo "2470"]
[Annotator "Chekhov,V"]
[PlyCount "56"]
[EventDate "1996.02.??"]
[EventType "schev"]
[EventRounds "9"]
[EventCountry "FRA"]
[SourceTitle "CBM 051 Extra"]
[Source "ChessBase"]
[SourceDate "1996.05.01"]
[SourceVersion "1"]
[SourceVersionDate "1996.05.01"]
[SourceQuality "1"]

1. d4 d5 2. c4 dxc4 3. Nf3 c5 4. e3 cxd4 5. exd4 (5. Bxc4 $5) 5... Be6 6. Nc3
Nf6 7. Be2 (7. Ne5 $5 Nc6 8. Nxc6 bxc6 9. Qa4 Qd7 10. Bxc4 Bxc4 11. Qxc4 e6 12.
O-O Be7 13. Bf4 O-O 14. Rac1 Rfd8 15. Be5 Rac8 $10 {Chekhov,V-Lukin,A/
Yaroslavl/1982/0,5/20/}) (7. Ng5 $5 Bd5 8. Nxd5 Qxd5 9. Be2 Nc6 10. Be3 e6 11.
O-O Be7 12. Rc1 O-O 13. Bxc4 Qa5 14. Qf3 $14 {Hracek,Z-Krizsany,L/Kecskemet/
1991/0,5/50/}) 7... Nc6 8. O-O g6 $5 {N/} (8... Nd5 9. Re1 Nxc3 10. bxc3 Bd5
11. Nd2 b5 12. a4 a6 13. Bf3 Rc8 14. axb5 axb5 15. Rb1 Rb8 16. Nxc4 $1 $16 {
Arencibia,J-Lima,D/Cuba/1995/1|0/47/}) 9. Be3 Bg7 10. Ng5 Bd5 11. Nxd5 Nxd5 (
11... Qxd5 12. Rc1 $36) 12. Bxc4 O-O 13. Qf3 e6 (13... Nxe3 14. Bxf7+ Kh8 15.
fxe3 $18) 14. Qh3 Nf6 (14... h6 $2 15. Nxe6 $1 $18) 15. Rad1 Ne7 16. Nxf7 $5 (
16. Bxe6 fxe6 17. Qxe6+ Kh8 18. Nf7+ Rxf7 19. Qxf7 b6 (19... Qd7 20. d5 $1 $36)
20. Bg5 $132) 16... Rxf7 17. Bxe6 Nf5 (17... Ned5 18. Rfe1 $36) 18. d5 Ne4 19.
Rfe1 (19. Bxf7+ Kxf7 20. Qxh7 Qd6 21. Qh3 Rh8 $19) 19... Qf6 20. Bf4 Nfd6 21.
Qe3 g5 $1 22. Bxd6 (22. Bxf7+ $5 Kxf7 (22... Nxf7 23. Qxe4 gxf4 24. d6 $36) 23.
Bxd6 Nxd6 24. Qe6+ Qxe6 25. dxe6+ Ke7 26. b3 $13) 22... Nxd6 23. Bxf7+ Nxf7 24.
d6 Nxd6 25. Qb3+ Nf7 (25... Kh8 26. Re6 $18) 26. Rd7 (26. Qxb7 $5 Rf8 27. Qxa7
Qxb2 28. a4 $16) 26... Rc8 27. Rxb7 Bf8 $1 28. Rb8 $4 (28. Rxa7 Bc5 29. Qxf7+
Qxf7 30. Rxf7 Kxf7 31. g3 Bd4 32. Re2 $13) (28. h3 $5 Bc5 29. Re2 $6 (29. Qf3
$1 Qxf3 (29... Qg6 30. b4 $36) 30. gxf3 Bb6 (30... Nd6 31. Rd7 Nf5 32. Re5 $16)
(30... Kg7 31. b4 $36) 31. Ree7 Rf8 (31... Nd6 32. Rg7+ Kf8 33. Rbd7 $16) 32.
Kg2 $16) 29... Bxf2+ 30. Rxf2 Rc1+ $19) 28... Qe5 $1 $19 0-1

[Event "Seefeld op 08th"]
[Site "Seefeld"]
[Date "1997.??.??"]
[Round "5"]
[White "Dautov, Rustem"]
[Black "Raetsky, Alexander"]
[Result "1-0"]
[WhiteElo "2590"]
[BlackElo "2440"]
[Annotator "Dautov,R"]
[PlyCount "83"]
[EventDate "1997.09.??"]
[EventType "swiss"]
[EventRounds "9"]
[EventCountry "AUT"]
[SourceTitle "CBM 061"]
[Source "ChessBase"]
[SourceDate "1997.11.23"]
[SourceVersion "1"]
[SourceVersionDate "1997.11.23"]
[SourceQuality "1"]

1. d4 d5 2. Nf3 e6 3. c4 dxc4 4. e4 b5 5. a4 c6 6. axb5 cxb5 7. b3 Bb4+ $1 $146
(7... Bb7 8. bxc4 Bxe4 9. cxb5) 8. Bd2 Bxd2+ 9. Nbxd2 (9. Qxd2 $6 Bb7) 9... Nc6
$1 10. bxc4 Nxd4 11. cxb5 Nf6 (11... Ne7 $5 12. Nc4 Nxf3+ 13. Qxf3 O-O $11) 12.
Bd3 (12. e5 Nxf3+ 13. Qxf3 Qd4 $1 (13... Nd5 $2 14. Bd3 Bb7 15. O-O O-O 16. Nc4
$16) 14. Qc6+ Nd7 15. Rc1 Qxe5+ 16. Be2 Rb8 17. Nf3 (17. Nc4 $2 Qf4 18. Nd6+
Ke7 $17) 17... Qb2 18. Qxc8+ Rxc8 19. Rxc8+ Ke7 20. Rxh8 Qb1+ 21. Bd1 Qe4+ 22.
Kd2 Qb4+ 23. Kc1 Qa3+ $11) (12. Nc4 Nxf3+ 13. gxf3 O-O $1 (13... Qxd1+ 14. Kxd1
O-O (14... Ke7 $2 15. Nb6 $16) 15. b6 $14) 14. Qxd8 Rxd8 15. b6 a5 $1 (15... a6
16. Na5 Rd7 17. Rb1 $14) 16. Rxa5 Ba6 $11) 12... Bb7 13. O-O O-O $11 14. Nxd4 (
14. e5 Nxf3+ 15. Nxf3 Nd7 $11) 14... Qxd4 15. Nf3 Qb6 (15... Qc3 $5 16. Rc1 (
16. e5 $2 Rfd8 $17) 16... Qa3 17. Qe2 Rfd8 18. Rfd1 Rac8 $11) 16. e5 Nd7 $2 (
16... Nd5 17. Qa4 (17. Bxh7+ $6 Kxh7 18. Ng5+ Kg6 19. Ra3 (19. Qg4 $2 Ne3 $1
$19) 19... f6 $1 (19... Kxg5 $2 20. Rg3+ Kf4 21. Re1 $18) (19... f5 20. Rg3 f4
21. Qd3+ Rf5 22. Rg4 $40) 20. Qc2+ (20. Ne4 fxe5 21. Qg4+ Kf7 $19) 20... f5 21.
Rg3 Kh6 $17 {/\g6}) 17... Rfd8 18. Qh4 (18. Qe4 Nf6 19. Qe2 Nd7 $15) 18... h6)
(16... Ne4 $5 17. Qb1 Nc3 $1 18. Qb4 (18. Bxh7+ $2 Kh8 19. Qd3 Qc5 20. Ng5 Qxe5
21. Qh3 Ne2+ 22. Kh1 Nf4 $19) 18... Rfc8 19. Rfc1 Bxf3 20. Rxc3 $11) 17. Ng5 h6
18. Bh7+ Kh8 19. Qxd7 hxg5 20. Bb1 $16 {עh8,><g5} Bd5 (20... a6 21. Qe7 f5 (
21... f6 22. Bg6 $16) 22. exf6 Rxf6 23. Ra3 g4 24. Rg3 $16) (20... f6 21. Bg6
$1 (21. exf6 Rxf6 22. Qd3 Rh6 $14) 21... Rad8 22. Qe7 $16) (20... f5 21. Ba2
Rfe8 22. Rfc1 Rad8 23. Qf7 $16) 21. Qe7 Qd8 (21... f5 22. exf6 (22. Qxg5 Qxb5
23. Ra3 Qb2 $132) 22... Rxf6 23. Ra3 g4 (23... Kg8 24. Rh3 Raf8 $2 25. Rh7 R8f7
26. Qe8+ Rf8 27. Qh5 $18) 24. Ra4 $16) 22. Qc5 g6 (22... f5 23. exf6 Qxf6 24.
Ra3 (24. Bd3 $2 Bxg2 $1) 24... Rfc8 25. Qe3 $16 {><a7,g5}) 23. Rd1 (23. Rxa7 $2
Rxa7 24. Qxa7 Bc4) 23... Qb6 24. Qe7 Qd8 25. Qc5 (25. Rxa7 Qxe7 26. Rxe7 Ra1
27. Bc2 Rxd1+ 28. Bxd1 Ra8 $132) 25... Qb6 26. Qc1 $1 Qd8 27. Qe3 Qe7 28. h4
Kg7 $138 (28... gxh4 29. Qh6+ Kg8 30. Rd4 $1 (30. Ra4 $2 Bb3) 30... f5 31.
Qxg6+ Qg7 32. Qxg7+ Kxg7 33. Rxh4 $16) 29. hxg5 $18 Rfc8 30. Bd3 Qb4 31. Bf1
Rc3 32. Qd4 Qxd4 33. Rxd4 Rac8 34. Rda4 R8c7 35. Rxa7 Rxa7 36. Rxa7 Rc1 37. Ra4
Kf8 38. f3 Ke7 39. Kf2 Kd7 40. Ra7+ Rc7 41. b6 Rb7 42. Bb5+ 1-0